000 00380nam a22001097a 4500
040 _cNUST
100 _a(عبدالرزاق سکندر) Abdul Razaq Sikandar
_9118225
245 _aالطریقۃ العصریہ
_cعبدالرزاق سکندر)
260 _aLahore لاہور
_bMaktaba tul rehmania مکتبہ الرحمنیہ
_c1993.
300 _a176 p.
942 _2ddc
_cBKB
999 _c603255
_d603255